Barbe-Bleue et l'esthétique du secret : De Charles Perrault à Amélie Nothomb (notice n° 1967084)
[ vue normale ]
| 000 -LEADER | |
|---|---|
| fixed length control field | 01318cam a2200133 4500500 |
| 005 - DATE AND TIME OF LATEST TRANSACTION | |
| control field | 20260329035003.0 |
| 041 ## - LANGUAGE CODE | |
| Language code of text/sound track or separate title | fre |
| 042 ## - AUTHENTICATION CODE | |
| Authentication code | dc |
| 100 10 - MAIN ENTRY--PERSONAL NAME | |
| Personal name | Fix, Florence |
| Relator term | author |
| 245 00 - TITLE STATEMENT | |
| Title | Barbe-Bleue et l'esthétique du secret : De Charles Perrault à Amélie Nothomb |
| 260 ## - PUBLICATION, DISTRIBUTION, ETC. | |
| Name of publisher, distributor, etc. | Hermann,<br/> |
| Date of publication, distribution, etc. | 2014.<br/> |
| 520 ## - SUMMARY, ETC. | |
| Summary, etc. | Tueur en série, assassin de femmes vulnérables qu’il met à l’épreuve de la curiosité avant de les en punir, Barbe-Bleue est une figure de la violence conjugale que l’on retrouve, depuis Charles Perrault, sous diverses variantes au théâtre, au cinéma, dans la peinture occidentale comme en poésie et encore très récemment dans un roman d’Amélie Nothomb. Ce qui fascine, outre la brutalité des faits, c’est qu’une part de secret résiste à la compréhension : le « pourquoi » des meurtres et des pièges nous reste opaque. Serait-ce que Barbe-Bleue est en fait la victime, de la rumeur, de médisances, mais surtout de l’indiscrétion de femmes volages, incapables de lui laisser une part d’intimité ? Penser le secret de Barbe-Bleue, c’est interroger l’intimité, la confiance, l’interdit dans le couple occidental moderne. |
| 856 41 - ELECTRONIC LOCATION AND ACCESS | |
| Uniform Resource Identifier | <a href="https://shs.cairn.info/barbe-bleue-et-l-esthetique-du-secret--9782705687311?lang=fr&redirect-ssocas=7080">https://shs.cairn.info/barbe-bleue-et-l-esthetique-du-secret--9782705687311?lang=fr&redirect-ssocas=7080</a> |
Pas d'exemplaire disponible.




Réseaux sociaux